000 01451nam a2200385 i 4500
001 12428
003 KOSZ 005
005 20220715093251.0
008 070620s1969 pl g d 000 0 pol
015 _aPB 1969/5451
040 _aWA N
_cWA N
_dKOSZ 005/RW
_dKOSZ 005/HR
041 0 _apol
_afre
046 _k1969
080 _a62(038)=162.1=133.1
245 0 0 _aSłownik techniczny polsko-francuski =
_bDictionnaire technique polonais-français /
_cmateriał zebrał i opracował J. Antoniewicz [et al.] ; redakcja A. Bryczkowski [et al.]
246 3 1 _aDictionnaire technique polonais-français.
260 _aWarszawa :
_bWydawnictwa Naukowo-Techniczne,
_c1969.
300 _a[8], 649, [3] stron, [2] karty ;
_c23 cm.
336 _aTekst
_btxt
_2rdacontent
337 _aBez urządzenia pośredniczącego
_bn
_2rdamedia
338 _aWolumin
_bnc
_2rdacarrier
380 _aKsiążki.
388 _a1901-2000
658 _aInżynieria i technika
658 _aJęzykoznawstwo
650 4 _aTerminologia
650 4 _aTechnika
655 4 _aSłownik terminologiczny
655 4 _aSłownik polsko-francuski
700 1 _aBryczkowski, Adolf.
_eRedakcja
700 1 _aAntoniewicz, Jerzy.
_eOpracowanie
710 2 _aWydawnictwa Naukowo-Techniczne
_4pbl.
856 _uhttp://koha.tu.koszalin.pl/cgi-bin/koha/opac-detail.pl?biblionumber=12428
_yKatalog online BPK
942 _2UKD
_cKS
999 _c12428
_d12428